| 000 | 00644nam a2200277Ia 4500 | ||
|---|---|---|---|
| 005 | 20260320195802.0 | ||
| 008 | 008 262003s9999 xx 000 0 hin d | ||
| 020 | _a9788183618175 | ||
| 037 | _aEBOOK | ||
| 040 | _aCRL | ||
| 040 | _bhin | ||
| 040 | _cCRL | ||
| 041 | _2hin | ||
| 041 | _ahin | ||
| 084 | _qCRL | ||
| 100 |
_aकुमार अंबुज _91133002 |
||
| 245 | 0 | _aकिवाड़ | |
| 250 | _a5th | ||
| 260 | _bRajkamal | ||
| 260 | _c1992 | ||
| 300 | _a127 | ||
| 856 | _uhttps://ebook.indiaread.in/pdfs/631_kivaar_by_kumar_ambuj.pdf | ||
| 942 | _cEBOOK | ||
| 999 |
_c1716492 _d1716492 |
||